| 000 | 01364cam a22003254a 4500 | ||
|---|---|---|---|
| 001 | 15423216 | ||
| 005 | 20170105102916.0 | ||
| 008 | 080822s2009 cou b 001 0 eng | ||
| 010 | _a 2008036945 | ||
| 020 | _a9781588266019 (hardcover : alk. paper) | ||
| 020 | _a9788130915326 (pbk. : alk. paper) | ||
| 040 |
_aDLC _cDLC _dDLC |
||
| 050 | 0 | 0 |
_aJZ5534 _b.P429 2009 |
| 082 | 0 | 0 |
_a327.1/72071 _222 |
| 245 | 0 | 0 |
_aPeace, justice, and security studies : _ba curriculum guide / _cedited by Timothy McElwee ... [et al.]. |
| 250 | _a7th ed. | ||
| 260 |
_aBoulder, Colo. : _bL. Rienner Publishers, _c2009. |
||
| 300 |
_axiv, 543 p. ; _c23 cm. |
||
| 500 | _aRev. ed. of: Peace and world security studies. 6th ed. c1994. | ||
| 504 | _aIncludes bibliographical references and index. | ||
| 650 | 0 |
_aPeace _xStudy and teaching. |
|
| 650 | 0 |
_aInternational organization _xStudy and teaching. |
|
| 650 | 0 |
_aSecurity, International _xStudy and teaching. |
|
| 700 | 1 | _aMcElwee, Timothy. | |
| 730 | 0 | _aPeace and world security studies. | |
| 856 | 4 | 1 |
_3Table of contents only _uhttp://www.loc.gov/catdir/toc/ecip0827/2008036945.html |
| 906 |
_a7 _bcbc _corignew _d1 _eecip _f20 _gy-gencatlg |
||
| 942 |
_2ddc _cBK |
||
| 999 |
_c15385 _d15385 |
||